Glee Episode Titles - Statistics

General Stats
  • This quiz has been taken 1,920 times
  • The average score is 49 of 121
Answer Stats
No. Title % Correct
1x1 Pilot
92%
1x13 Sectionals
73%
3x21 Nationals
72%
2x22 New York
71%
1x3 Acafellas
65%
5x3 The Quarterback
64%
1x4 Preggers
63%
2x4 Duets
59%
1x22 Journey to Regionals
59%
1x2 Showmance
59%
2x2 Britney/Brittany
57%
2x5 The Rocky Horror Glee Show
56%
3x1 The Purple Piano Project
55%
2x1 Audition
54%
4x6 Glease
54%
1x14 Hell-O
54%
3x11 Michael
54%
1x6 Vitamin D
54%
6x8 A Wedding
53%
2x3 Grilled Cheesus
53%
2x8 Furt
52%
3x22 Goodbye
52%
1x8 Mash-Up
52%
1x16 Home
51%
2x6 Never Been Kissed
51%
1x15 The Power of Madonna
51%
4x1 The New Rachel
50%
2x14 Blame It on the Alcohol
49%
2x18 Born This Way
49%
2x16 Original Song
49%
4x4 The Break Up
49%
5x12 100
48%
6x12 2009
48%
2x10 A Very Glee Christmas
48%
4x2 Britney 2.0
48%
1x5 The Rhodes Not Taken
48%
2x11 The Sue Sylvester Shuffle
48%
1x9 Wheels
48%
2x21 Funeral
47%
1x21 Funk
47%
2x7 The Substitute
47%
2x20 Prom Queen
46%
2x15 Sexy
46%
2x19 Rumours
45%
2x12 Silly Love Songs
45%
6x13 Dreams Come True
44%
5x4 A Katy or a Gaga
43%
3x3 Asian F
43%
3x7 I Kissed a Girl
43%
1x12 Mattress
43%
3x14 On My Way
43%
3x16 Saturday Night Glee-ver
42%
4x18 Shooting Star
42%
3x5 The First Time
42%
3x6 Mash Off
41%
1x10 Ballad
40%
1x11 Hairography
40%
3x13 Heart
40%
3x2 I Am Unicorn
40%
1x20 Theatricality
40%
3x19 Prom-asaurus
39%
2x17 A Night of Neglect
38%
3x17 Dance with Somebody
38%
3x4 Pot o' Gold
38%
5x2 Tina in the Sky with Diamonds
38%
3x10 Yes/No
38%
1x17 Bad Reputation
37%
3x15 Big Brother
37%
3x18 Choke
37%
1x19 Dream On
37%
5x1 Love, Love, Love
37%
5x13 New Directions
37%
3x20 Props
37%
4x14 I Do
36%
1x18 Laryngitis
36%
2x9 Special Education
36%
6x4 The Hurt Locker, Part One
36%
6x5 The Hurt Locker, Part Two
36%
2x13 Comeback
35%
3x8 Hold On to Sixteen
35%
3x12 The Spanish Teacher
35%
4x13 Diva
34%
5x14 New New York
34%
4x8 Thanksgiving
33%
1x7 Throwdown
33%
5x15 Bash
32%
6x3 Jagged Little Tapestry
32%
5x8 Previously Unaired Christmas
32%
5x20 The Untitled Rachel Berry Project
32%
6x2 Homecoming
31%
5x6 Movin' Out
31%
5x17 Opening Night
31%
4x7 Dynamic Duets
30%
3x9 Extraordinary Merry Christmas
30%
4x10 Glee, Actually
30%
4x17 Guilty Pleasures
30%
6x1 Loser Like Me
30%
5x7 Puppet Master
30%
4x22 All or Nothing
29%
4x16 Feud
28%
4x11 Sadie Hawkins
28%
4x5 The Role You Were Born to Play
28%
5x10 Trio
28%
5x11 City of Angels
27%
4x15 Girls (and Boys) On Film
27%
4x20 Lights Out
27%
4x12 Naked
27%
5x16 Tested
27%
4x21 Wonder-ful
26%
5x5 The End of Twerk
25%
6x9 Child Star
24%
4x3 Makeover
24%
4x9 Swan Song
24%
5x19 Old Dog, New Tricks
23%
6x10 The Rise and Fall of Sue Sylvester
23%
6x7 Transitioning
23%
5x9 Frenemies
22%
4x19 Sweet Dreams
22%
6x11 We Built This Glee Club
21%
6x6 What the World Needs Now
19%
5x18 The Back-Up Plan
16%
No matching quizzes found
Score Distribution
Percent of People with Each Score
Percentile by Number Answered
Your Score History
You have not taken this quiz